Celebrating research : rare and special collections from the membership of the Association of Research Libraries /
Other Authors: , ,
Format: Book
Language: English
Published:
Washington, DC :
Association of Research Libraries,
c2007.
Subjects:
Tags: Add Tag
Call Number: Z675 .R45 C45
| LEADER | 01519nam a22003977a 4500 | ||
|---|---|---|---|
| 003 | OSt | ||
| 005 | 20260505070338.0 | ||
| 008 | 260505t2007 dcua b 001 0 eng d | ||
| 010 | |a 2008295721 | ||
| 020 | |a 9781594077692 |q pbk. | ||
| 020 | |a 159407769X |q pbk. | ||
| 035 | |a 15132828 | ||
| 035 | |a (OCoLC)173659810 | ||
| 040 | |a OCC |c OCC |d YDXCP |d AGL |d DLC | ||
| 042 | |a lccopycat | ||
| 043 | |a n------ | ||
| 050 | 1 | 4 | |a Z675 .R45 |b C45 |
| 082 | 0 | 0 | |a 027.707 |2 22 |
| 245 | 0 | 0 | |a Celebrating research : |b rare and special collections from the membership of the Association of Research Libraries / |c editors, Philip N. Cronenwett, Kevin Osborn, Samuel A. Streit ; introduction by Nicolas Barker. |
| 260 | |a Washington, DC : |b Association of Research Libraries, |c c2007. | ||
| 300 | |a 312 p. : |b ill. (chiefly col.) ; |c 29 cm. | ||
| 336 | |a text |b txt |2 rdacontent | ||
| 337 | |a unmediated |b n |2 rdamedia | ||
| 338 | |a volume |b nc |2 rdacarrier | ||
| 504 | |a Includes bibliographical references and index. | ||
| 610 | 2 | 0 | |a Association of Research Libraries. |
| 650 | 0 | |a Research libraries |z North America. | |
| 650 | 0 | |a Libraries |z North America |x Special collections. | |
| 700 | 1 | |a Cronenwett, Philip N. | |
| 700 | 1 | |a Osborn, Kevin, |d 1951- | |
| 700 | 1 | |a Streit, Samuel Allen. | |
| 906 | |a 7 |b cbc |c copycat |d 2 |e ncip |f 20 |g y-gencatlg | ||
| 942 | |2 lcc |c BK | ||
| 955 | |a ps04 2008-01-09 z-processor 2 copies to ASCD |i jx47 2008-01-17 |a aa05 2008-08-14 | ||
| 955 | |a LCAP batch update 2025-06-01-04:00: LCAPM-644 | ||
| 999 | |c 62234 |d 62234 | ||
